| 000 | 00700nam a22001937a 4500 | ||
|---|---|---|---|
| 003 | BUBTL | ||
| 008 | 190513b xxu||||| |||| 00| 0 eng d | ||
| 020 | _a978-984-11-0706-2 | ||
| 082 | _a954.92 / CHE | ||
| 100 |
_92331 _aচৌধুরী, শামসুল হুদা |
||
| 245 |
_aএকাত্তরের রনাঙ্গন / _cশামসুল হুদা চৌধুরী |
||
| 250 | _a1st ed. | ||
| 260 |
_aঢাকা : _bআহমদ পাবলিশিং হাউস, _cc1982. |
||
| 300 |
_a640 p. : _c22 cm. |
||
| 650 | 0 |
_91687 _aবাংলা সাহিত্য |
|
| 856 |
_k0 _l0 _yDownload |
||
| 942 |
_2ddc _cBK |
||
| 999 |
_c6059 _d6059 |
||